[Event "BALKAN AMATEUR CHESS FESTIVAL"]
[Site "Belogradchik, hotel Skalite"]
[Date "2010.09.07"]
[Round "3.18"]
[White "Mitrev, Emil"]
[Black "Sofranov, Velizar"]
[Result "0-1"]
[WhiteElo "2178"]
[BlackElo "2011"]
[PlyCount "120"]
[EventDate "2010.09.06"]

1. e4 c5 2. Nf3 Nc6 3. Bb5 e6 4. O-O Nge7 5. Re1 a6 6. Bf1 Ng6 7. b3 Be7 8. Bb2
O-O 9. a4 Rb8 10. d4 cxd4 11. Nxd4 Qc7 12. Nxc6 bxc6 13. e5 f6 14. exf6 Bxf6
15. Bxf6 Rxf6 16. Nd2 d5 17. Bd3 Qb6 18. Nf3 Nh4 19. Re3 Nf5 20. Bxf5 Rxf5 21.
Ne5 c5 22. Qd2 Qc7 23. Rae1 Rb4 24. f3 Rh4 25. Qf2 Rh6 26. Qg3 Qb6 27. Kh1 Rhf6
28. Qf2 Qc7 29. Ng4 Rg6 30. Ne5 Rgf6 31. Qe2 Rh6 32. h3 Rh4 33. Qf2 Rh6 34. Ng4
Rg6 35. Re5 Rxe5 36. Nxe5 Rg5 37. Qe3 Rf5 38. f4 d4 39. Qg3 Qd6 40. Rf1 Qd5 41.
Ng4 Kh8 42. Rf2 Qe4 43. Kh2 a5 44. Ne5 Kg8 45. Nd3 Qd5 46. Qh4 Rf6 47. Re2 Bb7
48. Qg5 Qxg5 49. fxg5 Rf5 50. h4 Kf7 51. Re5 Rxe5 52. Nxe5+ Ke7 53. Kg3 Be4 54.
Nc4 Bxc2 55. Nxa5 d3 56. Nc4 Bxb3 57. Nd2 Bxa4 58. Kf4 Bb5 59. Ke5 c4 60. Kd4
e5+ 0-1

[Event "BALKAN AMATEUR CHESS FESTIVAL"]
[Site "Belogradchik, hotel Skalite"]
[Date "2010.09.07"]
[Round "3.19"]
[White "Simeonov, Svetoslav"]
[Black "Vlashki, Nino"]
[Result "0-1"]
[WhiteElo "1827"]
[BlackElo "2230"]
[PlyCount "64"]
[EventDate "2010.09.06"]

1. c4 g6 2. Nc3 Bg7 3. d4 Nf6 4. Nf3 d6 5. g3 O-O 6. Bg2 Nc6 7. O-O Bg4 8. h3
Bxf3 9. Bxf3 Nd7 10. e3 e5 11. d5 Ne7 12. e4 f5 13. Bg2 a5 14. Bd2 Nc5 15. b3
c6 16. Be3 f4 17. Bxc5 dxc5 18. h4 cxd5 19. cxd5 Nc8 20. Qd3 Nd6 21. Bh3 Qb6
22. Na4 Qb4 23. Rfe1 c4 24. Qc2 b5 25. a3 cxb3 26. axb4 bxc2 27. Nb6 fxg3 28.
fxg3 Bh6 29. Nxa8 Rxa8 30. bxa5 b4 31. Reb1 Rxa5 32. Be6+ Kg7 0-1

[Event "BALKAN AMATEUR CHESS FESTIVAL"]
[Site "Belogradchik, hotel Skalite"]
[Date "2010.09.07"]
[Round "3.20"]
[White "Tsekova, Viktoria"]
[Black "Popov, Georgi"]
[Result "1/2-1/2"]
[WhiteElo "1826"]
[BlackElo "2208"]
[PlyCount "65"]
[EventDate "2010.09.06"]

1. e4 g6 2. d4 Bg7 3. Nc3 d6 4. h3 a6 5. a4 b6 6. Nf3 Bb7 7. Be3 Nd7 8. Bd3 e6
9. Qd2 h6 10. O-O Ne7 11. Rad1 c6 12. b4 Qc7 13. Ne2 a5 14. Rb1 axb4 15. Qxb4
O-O 16. Nd2 Ba6 17. Bxa6 Rxa6 18. Bf4 e5 19. dxe5 dxe5 20. Be3 c5 21. Qb5 Rfa8
22. Nc3 Nf8 23. Nc4 Nc8 24. Nd5 Qa7 25. Ndxb6 Nxb6 26. Nxb6 Ra5 27. Qc4 Qa6 28.
Qxa6 R8xa6 29. Bd2 Rxa4 30. Nxa4 Rxa4 31. f3 Rc4 32. Be3 Ne6 33. Rb2 1/2-1/2

[Event "BALKAN AMATEUR CHESS FESTIVAL"]
[Site "Belogradchik, hotel Skalite"]
[Date "2010.09.06"]
[Round "2.1"]
[White "Artunov, Kirkor"]
[Black "Popov, Ilian"]
[Result "0-1"]
[WhiteElo "2066"]
[BlackElo "2247"]
[PlyCount "44"]
[EventDate "2010.09.06"]

1. c4 c5 2. Nc3 e6 3. e4 b6 4. g3 Bb7 5. Bg2 Nc6 6. Nge2 Be7 (6... Nd4 7. Nxd4
cxd4 8. Ne2 (8. Nb5 e5) 8... e5 9. d3 Nf6 10. O-O Be7 11. f4 d6) 7. d4 cxd4 8.
Nxd4 Ne5 (8... a6 9. Be3 Qc7) 9. b3 a6 (9... d6 10. f4 Nd7) 10. f4 Ng6 11. O-O
Qc7 12. Bb2 h5 (12... d6 13. f5 exf5 14. Nxf5) 13. Qd2 (13. e5 Bxg2 14. Kxg2 h4
(14... d6) 15. Ne4 Nh6 16. Qf3) 13... h4 14. f5 $2 Ne5 15. Qf4 hxg3 16. Qxg3 (
16. hxg3 Nf6) 16... Bf6 17. fxe6 dxe6 18. Rxf6 gxf6 (18... Nxf6 19. Qxg7 (19.
Ndb5 Qc5+) (19. Ncb5 axb5 20. Nxb5 Nf3+ 21. Bxf3 Qxg3+ 22. hxg3) 19... O-O-O
20. Qxf6 Ng4) 19. Qg7 Ng6 20. Nxe6 (20. h3 O-O-O) 20... Qxh2+ 21. Kf1 N8e7 22.
Nd4 Rg8 0-1

[Event "BALKAN AMATEUR CHESS FESTIVAL"]
[Site "Belogradchik, hotel Skalite"]
[Date "2010.09.06"]
[Round "2.2"]
[White "Tashkov, Rumen"]
[Black "Reinwald, Patrick"]
[Result "1/2-1/2"]
[WhiteElo "2239"]
[BlackElo "2093"]
[PlyCount "77"]
[EventDate "2010.09.06"]

1. d4 Nf6 2. c4 e6 3. g3 (3. Nf3 Bb4+ 4. Bd2 Qe7 5. g3) 3... Bb4+ (3... c5) 4.
Bd2 Qe7 5. Nf3 Nc6 6. Nc3 (6. Bg2 Bxd2+ 7. Qxd2 Ne4 8. Qc2 Qb4+ 9. Nc3 Nxc3 10.
Qxc3 Qxc3+ 11. bxc3 Na5 12. Nd2 Rb8 (12... d6)) 6... Bxc3 (6... d6 7. Bg2 (7.
d5) 7... Bxc3 8. Bxc3 Ne4 9. Rc1 e5 10. d5 Nxc3 11. Rxc3 Nb8 12. c5) 7. Bxc3
Ne4 8. Qc2 (8. Rc1) 8... Nxc3 9. Qxc3 O-O 10. Bg2 d6 11. Rc1 (11. d5 $1 exd5 (
11... Nd8 12. O-O e5) (11... Nb8 12. dxe6 Bxe6 13. Nd4 $16 c6 14. Nxe6 (14. O-O
Nd7 15. Rad1)) 12. cxd5 Nb8 13. Rc1 Na6) 11... e5 12. d5 Nd8 (12... Nb8 13. c5
Na6 (13... Nd7 14. b4 a5 15. a3 axb4 16. axb4 Nf6 17. Nd2 Bd7) 14. b4 Bd7) 13.
c5 f5 14. O-O Nf7 15. Nd2 (15. cxd6 cxd6 16. Qa3 (16. Qc7 Bd7) 16... b6 17. Rc3
Bb7 18. Nd2 e4) 15... Bd7 16. cxd6 cxd6 17. Qb3 b5 18. Rc7 Rfc8 19. Rfc1 Qd8
20. Qc2 (20. Rxc8) 20... g6 (20... Rxc7 21. Qxc7 Rc8 22. Qxd8+ Nxd8) 21. b4 Kg7
22. Nb3 Rxc7 23. Qxc7 Rc8 24. Qxa7 Rc4 25. Rxc4 (25. a3 Qc8 26. Qe3 e4 27. f4 (
27. Rxc4 bxc4)) 25... bxc4 26. Na5 c3 27. Qe3 c2 28. Qc3 (28. Nc6 Qa8 (28...
Qg5 29. f4 Qf6 (29... exf4 30. Qc3+ Qf6 31. Qxc2 fxg3 32. hxg3 Qa1+ 33. Kh2 Nh6
34. Bf3 Qf1 (34... Qe1 35. Qb2+ Kf7 36. Qd4) 35. Qc3+)) 29. a3 Qa4 30. Qc3 f4)
28... Ba4 29. Nb3 Qb6 30. Qxc2 Qxb4 31. Qd2 Qc4 (31... Qb5 32. Qc3 (32. Qa5))
32. Na5 Qc5 33. Nb3 (33. Nc6) 33... Qc4 34. Qb2 Bb5 35. e3 (35. Nc1) 35... Ng5
36. Nd2 Qe2 37. Bf1 (37. Qc1 Qd3 (37... e4 38. Bf1 Qxd2 39. Qxd2 Nf3+ 40. Kh1
Nxd2 41. Bxb5 Kf6 42. a4 Ke5 (42... Nb3 $18) 43. a5)) 37... Nf3+ 38. Kg2 Ne1+
39. Kg1 1/2-1/2

[Event "BALKAN AMATEUR CHESS FESTIVAL"]
[Site "Belogradchik, hotel Skalite"]
[Date "2010.09.06"]
[Round "2.3"]
[White "Angelov, Boyan"]
[Black "Turcu, Iulian"]
[Result "1/2-1/2"]
[WhiteElo "2062"]
[BlackElo "2237"]
[PlyCount "111"]
[EventDate "2010.09.06"]

1. Nf3 d5 2. g3 Nf6 3. Bg2 c6 4. O-O Bg4 5. h3 Bxf3 6. Bxf3 e5 7. d3 Nbd7 8. c4
d4 9. Nd2 Be7 10. a3 a5 11. b3 O-O 12. Rb1 Nc5 13. Bb2 Nfd7 14. Qc2 Ne6 15. Bg2
Qc7 16. Bc1 Ndc5 17. Re1 Kh8 18. Nf1 f5 19. b4 axb4 20. axb4 Na4 21. Bd2 Bg5
22. c5 Bxd2 23. Nxd2 Nc3 24. Rb2 f4 25. Qb3 fxg3 26. fxg3 Ng5 27. h4 Nf7 28. e4
Nh6 29. Qe6 Rf6 30. Qh3 Rg6 31. Nc4 Ng4 32. Bf3 h5 33. Bxg4 hxg4 34. Qg2 Rf6
35. Rf1 Raf8 36. Rxf6 Rxf6 37. Rf2 Qe7 38. Qf1 Na2 39. Rxf6 Qxf6 40. Qb1 Nc3
41. Qf1 Na2 42. Qb1 Nc3 43. Qf1 Qxf1+ 44. Kxf1 Na2 45. Nd6 Nxb4 46. Ke2 Kg8 47.
Nxb7 Kf7 48. Na5 Ke6 49. Nc4 Na6 50. Na5 Nb8 51. Nc4 g6 52. Na5 Kd7 53. Nc4 Ke6
54. Na5 Ke7 55. Nc4 Nd7 56. Na5 1/2-1/2

[Event "BALKAN AMATEUR CHESS FESTIVAL"]
[Site "Belogradchik, hotel Skalite"]
[Date "2010.09.06"]
[Round "2.4"]
[White "Panayotov, Yanko"]
[Black "Asparuhov, Parvan"]
[Result "1-0"]
[WhiteElo "2233"]
[BlackElo "2074"]
[PlyCount "101"]
[EventDate "2010.09.06"]

1. e4 e5 2. Nf3 Nc6 3. Bc4 Nf6 4. d3 h6 5. O-O d6 6. Re1 Na5 7. Bb5+ c6 8. Ba4
b5 9. Bb3 Nxb3 10. axb3 Be7 11. d4 Qc7 12. c4 O-O 13. Nc3 Rb8 14. Qd3 a6 15. h3
Nd7 16. cxb5 axb5 17. Be3 exd4 18. Bxd4 Nc5 19. Qc2 Be6 20. b4 Nb3 21. Rad1
Nxd4 22. Nxd4 Rfc8 23. Re3 Bf6 24. Kh1 Be5 25. Nf3 Bf6 26. Red3 Be7 27. Nd4 Bc4
28. Rg3 Be6 29. Qd2 Bh4 30. Nxe6 fxe6 31. Rg4 g5 32. e5 d5 33. g3 Bxg3 34. Rxg3
Qxe5 35. f4 Qf5 36. fxg5 h5 37. Qe2 Qg6 38. Re1 e5 39. Rf1 Rf8 40. Rgf3 Rxf3
41. Qxf3 Re8 42. h4 e4 43. Qe3 Qd6 44. Ne2 Rf8 45. Rxf8+ Qxf8 46. Kg2 Qxb4 47.
b3 Qe1 48. Qf2 Qd2 49. g6 Qh6 50. Qf7+ Kh8 51. Nf4 1-0

[Event "BALKAN AMATEUR CHESS FESTIVAL"]
[Site "Belogradchik, hotel Skalite"]
[Date "2010.09.06"]
[Round "2.5"]
[White "Vlashki, Nino"]
[Black "Ninov, Dayan"]
[Result "0-1"]
[WhiteElo "2230"]
[BlackElo "2033"]
[PlyCount "164"]
[EventDate "2010.09.06"]

1. c4 c6 2. b3 d5 3. Bb2 Nf6 4. Nf3 g6 5. d3 Bg7 6. Nbd2 O-O 7. g3 Qb6 8. Qc2
Na6 9. Bg2 Nb4 10. Qb1 dxc4 11. Nxc4 Qd8 12. a3 Nbd5 13. b4 Nb6 14. Nfd2 Be6
15. O-O Na4 16. Be5 Bh6 17. e3 Bd5 18. Qc2 Bxg2 19. Kxg2 Nb6 20. Nxb6 axb6 21.
Bxf6 exf6 22. a4 f5 23. Qc4 Qd7 24. b5 Rfd8 25. bxc6 bxc6 26. d4 c5 27. Nf3 Bg7
28. Rfd1 Qe8 29. h4 Rac8 30. Qb5 Qe4 31. Qxb6 cxd4 32. exd4 Rb8 33. Qc7 Rbc8
34. Qf4 Qd5 35. Kg1 Rc4 36. a5 Ra8 37. a6 Qb5 38. Rdb1 Rb4 39. Rxb4 Qxb4 40.
Qc7 Bxd4 41. Ng5 Ra7 42. Qd8+ Kg7 43. Rd1 Bf6 44. Qd6 Qa4 45. Rb1 Rxa6 46. Rb6
Rxb6 47. Qxb6 h6 48. Nf3 Qd1+ 49. Kg2 Qd5 50. Qe3 Qc4 51. Kh2 Qd5 52. Kg1 Qc6
53. Kh2 Qc3 54. Qxc3 Bxc3 55. Kg2 Kf6 56. Nh2 g5 57. hxg5+ hxg5 58. g4 Be5 59.
Nf1 Bf4 60. gxf5 Kxf5 61. f3 Ke5 62. Kf2 Kd4 63. Ke2 Kc4 64. Ke1 Kd3 65. Kf2
Bd6 66. Ke1 Bf4 67. Kf2 Be5 68. Ke1 f6 69. Kf2 Bd6 70. Ke1 Bc5 71. Nh2 f5 72.
Nf1 Bd6 73. Kf2 Bf4 74. Ke1 Bd6 75. Kf2 Bc7 76. Ke1 Bb6 77. Ng3 f4 78. Nf1 Bg1
79. Nd2 Ke3 80. Kd1 Bf2 81. Ne4 g4 82. Nd2 g3 0-1

[Event "BALKAN AMATEUR CHESS FESTIVAL"]
[Site "Belogradchik, hotel Skalite"]
[Date "2010.09.06"]
[Round "2.6"]
[White "Dimitrov, Dejan"]
[Black "Ivelinov, Hristo"]
[Result "0-1"]
[WhiteElo "2053"]
[BlackElo "2221"]
[PlyCount "156"]
[EventDate "2010.09.06"]

1. e4 c5 2. Nf3 a6 3. c3 d5 4. exd5 Qxd5 5. d4 e6 6. Bd3 Nf6 7. O-O cxd4 8.
cxd4 Be7 9. Nc3 Qd6 10. Qe2 Nc6 11. Rd1 Nb4 12. Bb1 Nbd5 13. Ne5 b5 14. Bg5
Nxc3 15. bxc3 Bb7 16. a4 bxa4 17. c4 Rd8 18. Rxa4 Nd7 19. Bxe7 Qxe7 20. Ra5 Qb4
21. Ra2 Nxe5 22. Qxe5 O-O 23. Qh5 g6 24. Qe2 Rd7 25. Rb2 Qc3 26. Rc2 Qb4 27.
Rb2 Qa5 28. Rbd2 Rfd8 29. Be4 Bxe4 30. Qxe4 Rc8 31. d5 exd5 32. Rxd5 Rxd5 33.
cxd5 Qd2 34. Qe1 Qxe1+ 35. Rxe1 Rc5 36. Rd1 Kf8 37. d6 Ke8 38. d7+ Kd8 39. Kf1
Rc6 40. Ke2 Re6+ 41. Kf3 a5 42. Ra1 Ra6 43. Ke4 Kxd7 44. Ra2 Ke6 45. Kd4 a4 46.
Kc4 a3 47. Kd4 Kf5 48. Ke3 Ke5 49. Kd3 Kf4 50. Ke2 Ke4 51. Kd2 h5 52. Ke2 Ra4
53. Kd2 h4 54. Ke2 Ra5 55. g3 h3 56. f3+ Kd4 57. Kd2 Ra6 58. Kc2 g5 59. Kd2 Ra5
60. Kc2 Ke3 61. f4 gxf4 62. gxf4 Kxf4 63. Kd2 Kf3 64. Ke1 Ke3 65. Kd1 Kd3 66.
Kc1 f5 67. Kd1 Kc3 68. Kc1 Kb3 69. Kb1 Kc3 70. Rf2 a2+ 71. Ka1 Kd3 72. Rf3+ Ke2
73. Rxh3 f4 74. Rh8 f3 75. Re8+ Kf1 76. h4 f2 77. Re7 Ra3 78. h5 Kg2 0-1

[Event "BALKAN AMATEUR CHESS FESTIVAL"]
[Site "Belogradchik, hotel Skalite"]
[Date "2010.09.06"]
[Round "2.7"]
[White "Janachkov, Angel"]
[Black "Krustev, Vasil"]
[Result "1/2-1/2"]
[WhiteElo "2212"]
[BlackElo "2012"]
[PlyCount "120"]
[EventDate "2010.09.06"]

1. Nf3 Nf6 2. g3 g6 3. Bg2 Bg7 4. O-O c5 5. d3 O-O 6. c3 Nc6 7. e4 d6 8. Re1
Bg4 9. h3 Bxf3 10. Bxf3 Ne5 11. Bg2 c4 12. dxc4 Nxc4 13. Nd2 Ne5 14. Qe2 Nfd7
15. f4 Nc6 16. Kh2 a5 17. Nf1 Qc7 18. Be3 a4 19. a3 Na5 20. Nd2 Nb6 21. Bf1
Rac8 22. Rad1 Nbc4 23. Nxc4 Nxc4 24. Qxc4 Qxc4 25. Bxc4 Rxc4 26. Bf2 Rfc8 27.
Kg2 Kf8 28. Kf3 R4c6 29. Rd5 e6 30. Ra5 Ra6 31. Rb5 Rc7 32. Rd1 Ke7 33. Bd4
Bxd4 34. Rxd4 b6 35. Rbb4 Rca7 36. g4 h6 37. h4 Ra8 38. Ke3 Kd7 39. e5 d5 40.
c4 Kc6 41. cxd5+ exd5 42. Rd2 Ra5 43. f5 Re8 44. Kf4 gxf5 45. gxf5 d4 46. Rbxd4
Raxe5 47. Rxa4 Re1 48. Rc4+ Kb5 49. Rb4+ Kc6 50. Rc4+ Kb5 51. Rb4+ Kc6 52. Rc2+
Kb7 53. Rf2 f6 54. Rf3 h5 55. Rfb3 Rf1+ 56. Rf3 Rg1 57. Rfb3 Rf1+ 58. Rf3 Rg1
59. Rfb3 Rf1+ 60. Rf3 Rg1 1/2-1/2

[Event "BALKAN AMATEUR CHESS FESTIVAL"]
[Site "Belogradchik, hotel Skalite"]
[Date "2010.09.06"]
[Round "2.8"]
[White "Dobrev, Naiden"]
[Black "Galunova, Tsveta"]
[Result "1-0"]
[WhiteElo "2206"]
[BlackElo "1991"]
[PlyCount "67"]
[EventDate "2010.09.06"]

1. d4 d5 2. c4 c6 3. Nc3 Nf6 4. Nf3 dxc4 5. e4 b5 6. e5 Nd5 7. a4 e6 8. axb5
Nxc3 9. bxc3 cxb5 10. Ng5 Bb7 11. Qh5 Qd7 12. Nxh7 Nc6 13. Be2 O-O-O 14. Nxf8
Rdxf8 15. Qg5 a6 16. Ba3 f6 17. Qg3 b4 18. Bxb4 Nxb4 19. cxb4 Qxd4 20. Rc1 Bd5
21. exf6 Rxf6 22. O-O Rhf8 23. h3 Rf4 24. Qe3 Kc7 25. Qg3 Qb2 26. Rce1 R8f7 27.
Bh5 R7f5 28. Bg4 Rf6 29. Bxe6 Bxe6 30. Qxg7+ Bf7 31. Re7+ Kc6 32. Rxf7 Qd4 33.
Rb7 Qd6 34. Ra1 1-0

[Event "BALKAN AMATEUR CHESS FESTIVAL"]
[Site "Belogradchik, hotel Skalite"]
[Date "2010.09.06"]
[Round "2.9"]
[White "Sgircea, Silvia Raluca"]
[Black "Enchev, Evgeni"]
[Result "1-0"]
[WhiteElo "2192"]
[BlackElo "1984"]
[PlyCount "44"]
[EventDate "2010.09.06"]

1. Nf3 Nf6 2. c4 g6 3. Nc3 Bg7 4. e4 d6 5. d4 O-O 6. Be3 Ng4 7. Bg5 f6 8. Bh4
Na6 9. Be2 e5 10. h3 Nh6 11. g4 Nf7 12. d5 c6 13. Nd2 Qb6 14. Nb3 Nc5 15. Nxc5
Qxc5 16. Bg3 f5 17. exf5 gxf5 18. Qc2 b5 19. dxc6 bxc4 20. O-O Ng5 21. Nd5 Ne6
22. Bxc4 Nd4 1-0

[Event "BALKAN AMATEUR CHESS FESTIVAL"]
[Site "Belogradchik, hotel Skalite"]
[Date "2010.09.06"]
[Round "2.10"]
[White "Cernea, Radu"]
[Black "Todorov, Momchil"]
[Result "0-1"]
[WhiteElo "2039"]
[BlackElo "2191"]
[PlyCount "26"]
[EventDate "2010.09.06"]

1. d4 Nf6 2. c4 g6 3. Nc3 d5 4. h4 c5 5. cxd5 Nxd5 6. e4 Nxc3 7. bxc3 Bg7 8.
Be3 Qa5 9. Qd2 Nc6 10. Nf3 O-O 11. Rg1 cxd4 12. Nxd4 Rd8 13. Nxc6 bxc6 0-1

[Event "BALKAN AMATEUR CHESS FESTIVAL"]
[Site "Belogradchik, hotel Skalite"]
[Date "2010.09.06"]
[Round "2.11"]
[White "Ivanov, Bogidar"]
[Black "Petrovic, Milan"]
[Result "1/2-1/2"]
[WhiteElo "2188"]
[BlackElo "1974"]
[PlyCount "90"]
[EventDate "2010.09.06"]

1. e4 c6 2. d4 d5 3. Nd2 dxe4 4. Nxe4 Nf6 5. Nxf6+ exf6 6. c3 Bd6 7. Bd3 O-O 8.
Qc2 h6 9. Ne2 Qc7 10. Be3 Re8 11. h3 Nd7 12. a3 c5 13. O-O Nf8 14. c4 b6 15. d5
Bd7 16. Bf5 Bxf5 17. Qxf5 Re5 18. Qf3 Ng6 19. Ng3 Nh4 20. Qg4 Rxe3 21. Nh5 Ng6
22. fxe3 Re8 23. Rae1 Re5 24. Rf5 Qe7 25. e4 Kf8 26. Rxe5 Qxe5 27. Qc8+ Ke7 28.
Nxg7 Qh2+ 29. Kf1 Qh1+ 30. Kf2 Bg3+ 31. Kxg3 Qxe1+ 32. Kh2 f5 33. Nxf5+ Kf6 34.
Qd8+ Ke5 35. d6 Nf4 36. Qe7+ Ne6 37. d7 Qd2 38. Qxf7 Qf4+ 39. Kg1 Qc1+ 40. Kf2
Qd2+ 41. Kg1 Qc1+ 42. Kh2 Qf4+ 43. Kg1 Qc1+ 44. Kf2 Qd2+ 45. Kg1 Qc1+ 1/2-1/2

[Event "BALKAN AMATEUR CHESS FESTIVAL"]
[Site "Belogradchik, hotel Skalite"]
[Date "2010.09.06"]
[Round "2.12"]
[White "Sofranov, Velizar"]
[Black "Enoiu, Alexandru-Ionut"]
[Result "1/2-1/2"]
[WhiteElo "2011"]
[BlackElo "2187"]
[PlyCount "103"]
[EventDate "2010.09.06"]

1. d4 d5 2. c4 e6 3. Nc3 Nf6 4. cxd5 exd5 5. Bg5 c6 6. Qc2 Be7 7. e3 Nbd7 8.
Bd3 O-O 9. Nf3 Re8 10. O-O h6 11. Bf4 Nf8 12. h3 Be6 13. Rab1 Rc8 14. b4 Bd6
15. Bxd6 Qxd6 16. Na4 N8d7 17. Nc5 b6 18. Na4 Ne4 19. Rfc1 f5 20. Ba6 Rc7 21.
Nc3 Nxc3 22. Qxc3 c5 23. bxc5 bxc5 24. Qa3 f4 25. exf4 Bf5 26. Rb3 Re6 27. Bf1
c4 28. Qxd6 Rxd6 29. Rb5 Be4 30. Ne5 Rb6 31. Ra5 Nf6 32. f3 Bb1 33. g4 g5 34.
fxg5 hxg5 35. h4 gxh4 36. g5 Rg7 37. f4 Be4 38. Re1 c3 39. Bd3 c2 40. Bxe4 Nxe4
41. Rc1 Rc7 42. Ra3 Rb1 43. Nd3 h3 44. Rb3 Rc3 45. Rxc3 Nxc3 46. Kh2 Ne2 47.
Rxc2 Nxd4 48. Rc8+ Kg7 49. Kxh3 Rf1 50. Kg4 Rg1+ 51. Kh3 Rh1+ 52. Kg2 1/2-1/2

[Event "BALKAN AMATEUR CHESS FESTIVAL"]
[Site "Belogradchik, hotel Skalite"]
[Date "2010.09.06"]
[Round "2.13"]
[White "Janchev, Petar"]
[Black "Ivanov, Ljubomir"]
[Result "0-1"]
[WhiteElo "2186"]
[BlackElo "1973"]
[PlyCount "128"]
[EventDate "2010.09.06"]

1. d4 Nf6 2. Nf3 e6 3. Bg5 Be7 4. Nbd2 b6 5. e4 Bb7 6. Bd3 d5 7. Bxf6 Bxf6 8.
e5 Be7 9. c3 c5 10. Qe2 Qc8 11. a4 a5 12. O-O Ba6 13. Bb5+ Bxb5 14. axb5 c4 15.
Rfc1 O-O 16. b3 cxb3 17. Nxb3 Ra7 18. h4 Rd8 19. Qd3 Nd7 20. g3 Nf8 21. Ra4 Rc7
22. Nbd2 Bb4 23. Nb1 Qd7 24. Kg2 Rdc8 25. Ng1 Rc4 26. Ra2 Qxb5 27. Qe2 Qc6 28.
Qb2 Rxd4 29. Ne2 Rc4 30. cxb4 Rxc1 31. Nxc1 Qxc1 32. bxa5 Qxb2 33. Rxb2 bxa5
34. Ra2 Ra8 35. Nc3 Nd7 36. f4 Nc5 37. Kf3 h5 38. Ke3 Kh7 39. Ra3 a4 40. Nb5
Ne4 41. Kd4 Rb8 42. Nd6 Rb4+ 43. Kd3 Nxd6 44. exd6 Rb6 45. Rxa4 Rxd6 46. Ra7 f6
47. Kd4 Rc6 48. Re7 Rc4+ 49. Kd3 Re4 50. Re8 Kg6 51. Rh8 Ra4 52. Ke3 Ra3+ 53.
Kf2 e5 54. fxe5 fxe5 55. Rf8 e4 56. Rd8 Rd3 57. Rh8 Rf3+ 58. Kg2 Rf5 59. Re8
Kf7 60. Ra8 e3 61. g4 hxg4 62. Ra1 d4 63. Kg3 e2 64. Kxg4 Rf1 0-1

[Event "BALKAN AMATEUR CHESS FESTIVAL"]
[Site "Belogradchik, hotel Skalite"]
[Date "2010.09.06"]
[Round "2.14"]
[White "Dimitrijevic, Dragan"]
[Black "Tscharotschkin, Michael"]
[Result "0-1"]
[WhiteElo "1978"]
[BlackElo "2179"]
[PlyCount "70"]
[EventDate "2010.09.06"]

1. e4 e6 2. d4 d5 3. Nd2 c5 4. exd5 exd5 5. Bb5+ Bd7 6. Qe2+ Be7 7. dxc5 Nf6 8.
Nb3 O-O 9. Be3 a6 10. Bd3 Ba4 11. Qd2 Nbd7 12. Nf3 Bxb3 13. axb3 Bxc5 14. O-O
Bxe3 15. Qxe3 Re8 16. Qd4 Nf8 17. b4 Ne6 18. Qh4 Qd6 19. Rfe1 Nf4 20. Bf1 Re4
21. b5 Ne2+ 22. Bxe2 Rxh4 23. Nxh4 Qb4 24. Nf3 Qxb2 25. Bd3 g6 26. bxa6 bxa6
27. Rab1 Qc3 28. Re7 Re8 29. Ra7 a5 30. h3 Ne4 31. Rb5 Qa1+ 32. Bf1 Nc3 33.
Rbb7 Rf8 34. g3 Ne4 35. Rb5 Qd1 0-1

[Event "BALKAN AMATEUR CHESS FESTIVAL"]
[Site "Belogradchik, hotel Skalite"]
[Date "2010.09.06"]
[Round "2.15"]
[White "Ivanov, Borislav"]
[Black "Petrov, Martin"]
[Result "1/2-1/2"]
[WhiteElo "2178"]
[BlackElo "1858"]
[PlyCount "138"]
[EventDate "2010.09.06"]

1. d4 Nf6 2. c4 e6 3. g3 b6 4. Bg2 d5 5. Nf3 Bb4+ 6. Bd2 Bxd2+ 7. Nbxd2 Bb7 8.
Ne5 O-O 9. O-O Nbd7 10. Nxd7 Nxd7 11. cxd5 exd5 12. b4 Nf6 13. Qb3 Qe7 14. e3
Rad8 15. Rfc1 Ne4 16. Nxe4 dxe4 17. Qc3 Rd7 18. a4 a6 19. a5 b5 20. Qc5 Bd5 21.
Qxe7 Rxe7 22. Bf1 f5 23. h4 g6 24. Be2 c6 25. Ra3 h6 26. Kg2 g5 27. hxg5 hxg5
28. f4 g4 29. Bd1 Rf6 30. Bb3 Bxb3 31. Rxb3 Rh7 32. Rh1 Rxh1 33. Kxh1 Kf7 34.
Rc3 Ke7 35. Rc5 Kd6 36. Kg2 Rf7 37. Re5 Rf8 38. Kf2 Kd7 39. Ke1 Kd6 40. Kd2 Kd7
41. Kc2 Rf7 42. Kc3 Rf6 43. d5 cxd5 44. Rxd5+ Kc6 45. Rc5+ Kd6 46. Kd4 Rf8 47.
Kc3 Rf6 48. Rc8 Kd7 49. Ra8 Rd6 50. Kc2 Rc6+ 51. Kd2 Ke6 52. Re8+ Kf7 53. Rb8
Rd6+ 54. Ke2 Ke6 55. Re8+ Kf7 56. Ra8 Ke6 57. Ra7 Kd5 58. Rf7 Ke6 59. Rf8 Rc6
60. Kd2 Rd6+ 61. Ke2 Rc6 62. Re8+ Kf7 63. Re5 Kf6 64. Rd5 Ke6 65. Rd8 Rd6 66.
Rxd6+ Kxd6 67. Kd2 Kd5 68. Kc3 Kc6 69. Kd4 Kd6 1/2-1/2

[Event "BALKAN AMATEUR CHESS FESTIVAL"]
[Site "Belogradchik, hotel Skalite"]
[Date "2010.09.06"]
[Round "2.16"]
[White "Ivanov, Stoyan E"]
[Black "Petrov, Vladimir S"]
[Result "1/2-1/2"]
[WhiteElo "2176"]
[BlackElo "1680"]
[PlyCount "62"]
[EventDate "2010.09.06"]

1. c4 Nf6 2. Nc3 c5 3. Nf3 Nc6 4. g3 d5 5. cxd5 Nxd5 6. Bg2 Nc7 7. O-O e5 8. d3
Be7 9. Be3 O-O 10. Rc1 f6 11. Nd2 Nd4 12. f4 Be6 13. fxe5 fxe5 14. Rxf8+ Qxf8
15. Nc4 Nf5 16. Bf2 Bxc4 17. dxc4 Rd8 18. Nd5 Bg5 19. Rc3 Ne6 20. Rd3 Nd6 21.
Nc3 Nd4 22. h4 Bh6 23. b3 Qf5 24. Bd5+ Kh8 25. Bxd4 exd4 26. Rf3 Qh3 27. Ne4
Nxe4 28. Bxe4 Rb8 29. Bf5 Be3+ 30. Rxe3 Qxf5 31. Rf3 Qe4 1/2-1/2

[Event "BALKAN AMATEUR CHESS FESTIVAL"]
[Site "Belogradchik, hotel Skalite"]
[Date "2010.09.06"]
[Round "2.24"]
[White "Gunnarsson, Leif"]
[Black "Mishev, Liubomir"]
[Result "0-1"]
[WhiteElo "1721"]
[BlackElo "2232"]
[PlyCount "62"]
[EventDate "2010.09.06"]

1. e4 c5 2. Nf3 e6 3. d4 cxd4 4. Nxd4 a6 5. Bd3 Nf6 6. O-O Qc7 7. Be3 d5 8.
exd5 Nxd5 9. Qf3 Bd6 10. g3 Nxe3 11. fxe3 O-O 12. Nc3 f5 13. Rad1 Bd7 14. Qe2
b5 15. a3 Bc5 16. Qd2 Qb6 17. Be2 Nc6 18. b4 Be7 19. Bf3 Rad8 20. Kg2 Ne5 21.
e4 Nc4 22. Qc1 Bf6 23. e5 Nxe5 24. Nce2 Nc4 25. Rd3 Kh8 26. Nb3 e5 27. Nc5 Bc8
28. Rxd8 Rxd8 29. Kh1 Nd2 30. Rf2 Bg5 31. Qa1 Be3 0-1

[Event "BALKAN AMATEUR CHESS FESTIVAL"]
[Site "Belogradchik, hotel Skalite"]
[Date "2010.09.06"]
[Round "2.25"]
[White "Primbetov, Kazbek"]
[Black "Ruzicic, Sinisa"]
[Result "1-0"]
[WhiteElo "2221"]
[BlackElo "1975"]
[PlyCount "71"]
[EventDate "2010.09.06"]

1. e4 c5 2. Nf3 d6 3. d4 cxd4 4. Nxd4 Nf6 5. Nc3 a6 6. a4 e6 7. Be2 Be7 8. O-O
O-O 9. a5 Nc6 10. Nb3 d5 11. exd5 exd5 12. Be3 Be6 13. Na4 Nd7 14. Nb6 Nxb6 15.
Bxb6 Qd7 16. Re1 Bf6 17. Nc5 Qc8 18. c3 Ne5 19. f4 Nd7 20. Nxe6 fxe6 21. Bg4
Nc5 22. Bxe6+ Nxe6 23. Qxd5 Re8 24. f5 Qc6 25. Qxc6 bxc6 26. Rxe6 Rxe6 27. fxe6
Re8 28. Re1 Be7 29. Re4 c5 30. Kf2 Bd6 31. Ke2 Kf8 32. Kd3 Ke7 33. Kc4 Rc8 34.
Kd5 Rf8 35. Re2 Rf5+ 36. Kc6 1-0

[Event "BALKAN AMATEUR CHESS FESTIVAL"]
[Site "Belogradchik, hotel Skalite"]
[Date "2010.09.06"]
[Round "2.26"]
[White "Popov, Georgi"]
[Black "Vutev, Jordan"]
[Result "1/2-1/2"]
[WhiteElo "2208"]
[BlackElo "1922"]
[PlyCount "60"]
[EventDate "2010.09.06"]

1. e4 e6 2. d4 d5 3. e5 c5 4. c3 Nc6 5. Nf3 Nge7 6. a3 Nf5 7. b4 c4 8. a4 Be7
9. h4 h5 10. g3 Bd7 11. Bf4 a6 12. Na3 Na7 13. Nc2 b5 14. a5 Nc6 15. Bh3 Ra7
16. O-O g6 17. Bg5 Kf8 18. Qd2 Bxg5 19. Nxg5 Kg7 20. Qf4 Bc8 21. Ne3 Nce7 22.
Ng2 Rf8 23. Bxf5 exf5 24. Ne3 Be6 25. Nxe6+ fxe6 26. Nc2 Ng8 27. Ne1 Nh6 28.
Nf3 Nf7 29. Ng5 Nxg5 30. hxg5 Raf7 1/2-1/2